PSYCHOLOGY and law bridging the gap

Gorde:
Xehetasun bibliografikoak
Formatua: Liburua
Hizkuntza:ingelesa
Argitaratua: Ashgate 2008
Etiketak: Etiketa erantsi
Etiketarik gabe, Izan zaitez lehena erregistro honi etiketa jartzen!

MARC

LEADER 00000nam a22000007a 4500
008 210121b ||||| |||| 00| 0 eng d
020 |a 978-0-7546-2656-5 
245 |a PSYCHOLOGY and law  |b  bridging the gap  |c edited by David Canter, Rita Zukauskiene  |e Psychology, crime and law series 
250 |c Canter D. and Zukauskiene, R. 
260 |b Ashgate  |c 2008  |h Hampshire  |i 667279  |l KA70 .P8P94  |m Psychology: Law 
942 |a lcc  |c CR  |e Adeyeye Y. S.  |f 21/01/21 
952 |0 0  |1 0  |2 lcc  |4 0  |6 KA0070 P8 P94  |7 0  |9 1355  |a HOL  |b HOL  |c GJ  |d 2021-01-21  |l 0  |o KA70 .P8P94  |p 2021-0161  |r 2021-01-21 00:00:00  |w 2021-01-21  |y CR 
999 |c 704  |d 704